ბათუმის შოთა რუსთაველის სახელმწიფო უნივერსიტეტის ბიბლიოთეკა

jml : (ბიბ.ჩანაწერი № 57992)

000 -LEADER
fixed length control field 01019nam a22002297a 4500
005 - DATE AND TIME OF LATEST TRANSACTION
control field 20210416173607.0
008 - FIXED-LENGTH DATA ELEMENTS--GENERAL INFORMATION
fixed length control field 210416c2019 enk||||| |||| 00| 0 eng d
022 ## - INTERNATIONAL STANDARD SERIAL NUMBER
International Standard Serial Number 0022281X
041 ## - LANGUAGE CODE
Language code of text/sound track or separate title eng
245 ## - TITLE STATEMENT
Title jml :
Remainder of title Journal of Modern Literature /
Statement of responsibility, etc. Editors: Robert L. Caserio, Paula Marantz Cohen, Janet Lyon, Daniel T. O'Hara, Jean-Michel Rabaté and Jennifer Yusin.
260 ## - PUBLICATION, DISTRIBUTION, ETC.
Place of publication, distribution, etc. USA :
Name of publisher, distributor, etc. Indiana University Press,
Date of publication, distribution, etc. 2019.
300 ## - PHYSICAL DESCRIPTION
Extent V.
653 ## - INDEX TERM--UNCONTROLLED
Uncontrolled term Journal of Modern Literature
653 ## - INDEX TERM--UNCONTROLLED
Uncontrolled term თანამედროვე ლიტერატურის ჟურნალი
653 ## - INDEX TERM--UNCONTROLLED
Uncontrolled term პერიოდიკა
700 ## - ADDED ENTRY--PERSONAL NAME
Personal name Caserio, Robert L
Relator term რედაქტორი
9 (RLIN) 11434
700 ## - ADDED ENTRY--PERSONAL NAME
Personal name Cohen, Paula Marantz
Relator term რედაქტორი
9 (RLIN) 3214
700 ## - ADDED ENTRY--PERSONAL NAME
Personal name Janet Lyon, Daniel T
Relator term რედაქტორი
9 (RLIN) 3215
700 ## - ADDED ENTRY--PERSONAL NAME
Personal name O'Hara, Jean-Michel Rabaté
Relator term რედაქტორი
9 (RLIN) 3216
700 ## - ADDED ENTRY--PERSONAL NAME
Personal name Yusin, Jennifer
Relator term რედაქტორი
9 (RLIN) 3217
942 ## - ADDED ENTRY ELEMENTS (KOHA)
Source of classification or shelving scheme
Koha item type პერიოდიკა
ეგზემპლარები
Withdrawn status Lost status Source of classification or shelving scheme Damaged status Not for loan Permanent Location Current Location Shelving location Date acquired Serial Enumeration / chronology Barcode Date last seen Copy number Price effective from Koha item type
        შიდა ფონდი ბათუმის შოთა რუსთაველის სახელმწიფო უნივერსიტეტის მთავარი ბიბლიოთეკა ბათუმის შოთა რუსთაველის სახელმწიფო უნივერსიტეტის მთავარი ბიბლიოთეკა წიგნსაცავი 2021-04-16 Volume 42, Number (2), (2019) p 80306 2021-04-16 p 80306 2021-04-16 პერიოდიკა
        შიდა ფონდი ბათუმის შოთა რუსთაველის სახელმწიფო უნივერსიტეტის მთავარი ბიბლიოთეკა ბათუმის შოთა რუსთაველის სახელმწიფო უნივერსიტეტის მთავარი ბიბლიოთეკა წიგნსაცავი 2021-04-16 Volume 42, Number (3), (2019) 80754 2021-04-16 80754 2021-04-16 პერიოდიკა
        შიდა ფონდი ბათუმის შოთა რუსთაველის სახელმწიფო უნივერსიტეტის მთავარი ბიბლიოთეკა ბათუმის შოთა რუსთაველის სახელმწიფო უნივერსიტეტის მთავარი ბიბლიოთეკა წიგნსაცავი 2021-04-16 Volume 42, Number (4), (2019) 80753 2021-04-16 80753 2021-04-16 პერიოდიკა
        შიდა ფონდი ბათუმის შოთა რუსთაველის სახელმწიფო უნივერსიტეტის მთავარი ბიბლიოთეკა ბათუმის შოთა რუსთაველის სახელმწიფო უნივერსიტეტის მთავარი ბიბლიოთეკა წიგნსაცავი 2021-04-16 Volume 43, Number (1), (2019) 80752 2021-04-16 80752 2021-04-16 პერიოდიკა